Szczegóły MARC21

Przed przejściem : rozważania o opiece hospicyjnej /

003 -Nazwa inst., której nr kontr. jest w polu 001 [,]
    • @
    • Nazwa instytucji, której n kontrolny jest w polu 001
    • NUKAT
005 -DATA I CZAS OSTATNIEJ MODYFIKACJI [,]
    • @
    • pole kontrolne
    • 20241231112921.0
020 -Międzynarod. znormalizowany nr książki - ISBN [ , ]
    • a
    • Numer ISBN
    • 838665595X Find
040 -Instytucja sporządzająca opis [ , ]
    • a
    • Instytucja, która sporządziła opis (NP)
    • LUBL KUL/ac
    • c
    • Instytucja, która sporządziła rekord (NP)
    • LUBL KUL/ac
    • d
    • Instytucja, która zmodyfikowała rekord (P)
    • LUBL KUL/JP
942 -Rodzaj dokumentu [ , ]
    • c
    • Rodzaj dokumentu
    • Książka
245 -Strefa tytułu i oznaczenia odpowiedzialności [0,0]
    • a
    • Tytuł
    • Przed przejściem : Find
    • b
    • Ciąg dalszy tytułu (NP)
    • rozważania o opiece hospicyjnej / Find
    • c
    • Pozostałe elementy strefy tytułu i oznaczenia odpowiedzialności (NP)
    • [red. Maria D. Śpiewakowska, Roman Szpakowski].
260 -Strefa adresu wydawniczego [ , ]
    • a
    • Miejsce wydania (P)
    • Warszawa :
    • b
    • Nazwa wydawcy (P)
    • Wydaw. Salezjańskie,
    • c
    • Data wydania (P)
    • 1997.
300 -Strefa opisu fizycznego [ , ]
    • a
    • Określenie formy książki i/lub objętość (NP)
    • 126 s., [2] k. tabl. ;
    • c
    • Format (NP)
    • 19 cm.
336 -Typ zawartości [ , ]
    • a
    • Termin opisujący typ zawartości
    • Tekst
    • b
    • Kod określający zawartość
    • txt
    • 2
    • Źródło (terminu i kodu)
    • rdacontent
337 -Typ mediów [ , ]
    • a
    • Tryb odtwarzania
    • Bez urządzenia pośredniczącego
    • b
    • Kod typu mediów
    • n
    • 2
    • Źródło (terminu i kodu)
    • rdamedia
338 -Typ/rodzaj nośnika [ , ]
    • a
    • Hasło opisujące typ nośnika
    • Wolumin
    • b
    • Kod typu nośnika
    • nc
    • 2
    • Źródło (terminu i kodu)
    • rdacarrier
080 -Uniwersalna Klasyfikacja Dziesiętna [ , ]
    • a
    • Symbol klasyfikacji
    • 614.25
    • 9
    • UKD
    • 4603
    • 2
    • Identyfikator wydania tablic
    • UDC-P058
    • b
    • Dopowiedzenie
    • Zawód lekarski. Etyka zawodowa. Deontologia lekarska. Odpowiedzialność lekarska.
080 -Uniwersalna Klasyfikacja Dziesiętna [ , ]
    • a
    • Symbol klasyfikacji
    • :616-052
080 -Uniwersalna Klasyfikacja Dziesiętna [ , ]
    • a
    • Symbol klasyfikacji
    • :17
080 -Uniwersalna Klasyfikacja Dziesiętna [ , ]
    • a
    • Symbol klasyfikacji
    • :261
650 -Hasło przedmiotowe [ ,7]
    • a
    • Hasło przedmiotowe
    • Duszpasterstwo chorych w fazie terminalnej.
    • 2
    • Źródło terminu
    • kaba
    • 9
    • KHW
    • 106635
650 -Hasło przedmiotowe [ ,7]
    • a
    • Hasło przedmiotowe
    • Hospicja.
    • 2
    • Źródło terminu
    • kaba
    • 9
    • KHW
    • 154896
650 -Hasło przedmiotowe [ ,7]
    • a
    • Hasło przedmiotowe
    • Pielęgnacja w fazie terminalnej
    • x
    • Określnik rzeczowy
    • aspekt psychologiczny.
    • 2
    • Źródło terminu
    • kaba
    • 9
    • KHW
    • 123682
980 -Symbol UKD [ , ]
    • a
    • UKD
    • 614.25:616-052:17:261
700 -Hasło dodatkowe - nazwa osobowa [1, ]
    • a
    • Nazwa osobowa (NP)
    • Śpiewakowska, Maria D. Find
    • e
    • Określenie rodzaju współpracy
    • Red.
    • 9
    • KHW
    • 544437
700 -Hasło dodatkowe - nazwa osobowa [1, ]
    • a
    • Nazwa osobowa (NP)
    • Szpakowski, Roman Find
    • d
    • Daty biograficzne (NP)
    • (1957- ).
    • e
    • Określenie rodzaju współpracy
    • Red.
    • 9
    • KHW
    • 544436
920 -ISBN [ , ]
    • a
    • ISBN
    • 83-86655-95-X Find
Numer inwentarzowy Status udost. Lokalizacja Data inwentaryzacji
Pd.114411BG1998-09-02